Hlohovec

Zobrazenie: V bielom orámovaní pohľad zhora, z veže kostola sv. Michala Archanjela na námestia a mesto. Z námestia medzi budovami vedie cesta. V popredí vľavo na druhom dome je nápis "Jindřich Müller a syn". Na námestí sú skupinky ľudí, strom a vľavo voz s dvoma koňmi. V pravom dolnom rohu...

Full description

Bibliographic Details
Format: Photo
Language:Slovak
PhysicalDescription:1 pohľadnica čiernobiela 9 x 14 cm
Published: [Slovensko?] [vydavateľ neznámy] [1934?]
Subjects:

MARC

LEADER 00000nkm a2200000 a 4500
001 vtls012012985
003 SK-MaSNL
005 20260302043433.0
007 kf bo
008 230706q1934 xo g 0kuslo
015 |a SNBG1934 
035 |a urn:nbn:sk:snk-km00favl 
035 |a urn:nbn:sk:snk-km45t17 
035 |a DF1F7F8B-B9FB-4C9F-8E7E-349630A59AD3 
040 |a SNK  |b slo  |c SNK  |e AACR2 
041 0 |a slo 
043 |a e-xo--- 
044 |a xo  |c SK 
072 7 |a 913  |x Regionálna geografia  |2 konspekt 
080 |a 913(437.6)  |2 2011 
080 |a 721  |2 2011 
080 |a 711.73  |2 2011 
080 |a 711.61  |2 2011 
080 |a 625.712.4  |2 2011 
080 |a (084.121)  |2 2011 
245 0 0 |a Hlohovec  |h grafika 
260 |a [Slovensko?]  |b [vydavateľ neznámy]  |c [1934?] 
300 |a 1 pohľadnica  |b čiernobiela  |c 9 x 14 cm 
500 |a Názvové údaje prevzaté z obrazovej časti dokumentu 
500 |a Číslo záberu 30 
500 |a Na obrazovej časti uvedené: "V R N" 
520 8 |a Zobrazenie: V bielom orámovaní pohľad zhora, z veže kostola sv. Michala Archanjela na námestia a mesto. Z námestia medzi budovami vedie cesta. V popredí vľavo na druhom dome je nápis "Jindřich Müller a syn". Na námestí sú skupinky ľudí, strom a vľavo voz s dvoma koňmi. V pravom dolnom rohu je časť strechy 
650 0 7 |a námestia  |2 SNKPH  |9 26291 
650 0 7 |a budovy  |2 SNKPH  |9 1283 
650 0 7 |a ulice  |2 SNKPH  |9 2938 
651 7 |a Hlohovec (Slovensko)  |2 SNKPHgeo  |9 31468 
655 7 |a miestne pohľadnice  |2 SNKPH  |9 70510 
852 |a Slovenská národná knižnica 
958 |a GBN 
958 |a GC 
958 |a ONDV 
999 |c 1086621  |d 1088551 
952 |a SNK  |b SNK  |y PREZ  |7 0  |p 17A1407926  |o snkSP 118244  |z Pohľadnica prešla poštou.  |0 0  |1 0  |4 0  |d 2021-02-03  |f 1  |l 0  |r 2026-02-24 16:44:24  |w 2026-02-24